An index of implicit information in the Gospels / (Record no. 63986)
[ view plain ]
| 000 -LEADER | |
|---|---|
| fixed length control field | 00541cam a2200181 a 4500 |
| 008 - FIXED-LENGTH DATA ELEMENTS--GENERAL INFORMATION | |
| fixed length control field | 041028s1993 txu i 1 00eng d |
| 035 ## - SYSTEM CONTROL NUMBER | |
| System control number | (MSEA old Access rec no.)11618 |
| 035 ## - SYSTEM CONTROL NUMBER | |
| System control number | (MSEA old Access item no.)C01057 |
| 040 ## - CATALOGING SOURCE | |
| Original cataloging agency | DTL |
| Modifying agency | DTL |
| 082 04 - DEWEY DECIMAL CLASSIFICATION NUMBER | |
| Classification number | 225 |
| 100 1# - MAIN ENTRY--PERSONAL NAME | |
| Personal name | Deibler, Ellis. |
| 245 00 - TITLE STATEMENT | |
| Title | An index of implicit information in the Gospels / |
| Statement of responsibility, etc | Ellis Deibler.. |
| 250 ## - EDITION STATEMENT | |
| Edition statement | preliminary ed. |
| 260 ## - PUBLICATION, DISTRIBUTION, ETC. (IMPRINT) | |
| Place of publication, distribution, etc | Dallas, Tex.: |
| Name of publisher, distributor, etc | s.n., |
| Date of publication, distribution, etc | 1993 |
| 300 ## - PHYSICAL DESCRIPTION | |
| Extent | 87 p. |
| 630 00 - SUBJECT ADDED ENTRY--UNIFORM TITLE | |
| Source of heading or term | Library of Congress |
| Uniform title | Bible. |
| Number of part/section of a work | N.T. |
| General subdivision | Indexes. |
| 942 ## - ADDED ENTRY ELEMENTS (KOHA) | |
| Suppress in OPAC | 0 |
No items available.
